[Event "Liga Madrileña - DH 2015-2016"]
[Site "Madrid ESP"]
[Date "2016.01.10"]
[Round "5.14"]
[White "Garrido Olivares, Ricard"]
[Black "Suarez Uriel, Adrian"]
[Result "1-0"]
[WhiteElo "2155"]
[BlackElo "2278"]
[PlyCount "99"]
[EventDate "2015.11.22"]
[EventType "team-tourn"]
[EventRounds "14"]
[EventCountry "ESP"]
[Source "lmi"]
[SourceDate "2015.11.22"]
[WhiteTeam "San Fernando de Henares"]
[BlackTeam "La Casa del Ajedrez"]
[WhiteTeamCountry "ESP"]
[BlackTeamCountry "ESP"]

1. e4 c5 2. Nf3 Nc6 3. d4 cxd4 4. Nxd4 g6 5. c4 Bg7 6. Be3 Nf6 7. Nc3 O-O 8.
Be2 d6 9. O-O Nxd4 10. Bxd4 Bd7 11. Qd2 Bc6 12. f3 a5 13. Rab1 Nd7 14. Be3 Nc5
15. Rfc1 Qb6 16. b3 Rfc8 17. Rc2 h5 18. a3 Qd8 19. b4 axb4 20. axb4 Na4 21.
Nxa4 Rxa4 22. b5 Bd7 23. c5 dxc5 24. Rxc5 Be6 25. Qxd8+ Rxd8 26. Rc7 Ra2 27.
Bf1 Rd7 28. Rxd7 Bxd7 29. Bc4 Ra3 30. Kf2 Ra8 31. Rd1 Be8 32. f4 Rc8 33. Be2 e6
34. Rc1 Rxc1 35. Bxc1 Bd4+ 36. Be3 Bxe3+ 37. Kxe3 b6 38. Kd4 f6 39. f5 Kf7 40.
h4 Ke7 41. fxg6 Bxg6 42. e5 Be8 43. Ke4 Bg6+ 44. Kf4 Be8 45. g4 hxg4 46. Kxg4
fxe5 47. Kg5 Kf7 48. Bh5+ Kf8 49. Bxe8 Kxe8 50. Kg4 1-0

[Event "Liga Madrileña - DH 2015-2016"]
[Site "Madrid ESP"]
[Date "2016.01.10"]
[Round "5.15"]
[White "Gil Quilez, David"]
[Black "Nunez Miranda, Adrian"]
[Result "0-1"]
[WhiteElo "2192"]
[BlackElo "2085"]
[PlyCount "80"]
[EventDate "2015.11.22"]
[EventType "team-tourn"]
[EventRounds "14"]
[EventCountry "ESP"]
[Source "lmi"]
[SourceDate "2015.11.22"]
[WhiteTeam "La Casa del Ajedrez"]
[BlackTeam "San Fernando de Henares"]
[WhiteTeamCountry "ESP"]
[BlackTeamCountry "ESP"]

1. e4 c5 2. Nf3 Nc6 3. d4 cxd4 4. Nxd4 Nf6 5. Nc3 e5 6. Ndb5 d6 7. Bg5 a6 8.
Na3 b5 9. Nd5 Be7 10. Bxf6 Bxf6 11. c3 O-O 12. Nc2 Bg5 13. a4 Rb8 14. axb5 axb5
15. Bd3 Be6 16. Qe2 f5 17. Ndb4 Nxb4 18. Nxb4 Qf6 19. exf5 Bxf5 20. O-O Be6 21.
Ra6 Bf4 22. g3 Bh3 23. Rfa1 Bh6 24. Be4 Rbd8 25. Rb6 Qg5 26. Rxb5 Rf4 27. Bd5+
Kh8 28. Nd3 Rff8 29. Rb4 Rde8 30. Rba4 e4 31. Rxe4 Qxd5 32. f3 Rxe4 33. fxe4
Qg5 34. Nf2 Qe3 35. Re1 Qxe2 36. Rxe2 Be6 37. Kg2 Bc4 38. Re1 g6 39. Rd1 Be3
40. Nh3 Be2 0-1

[Event "Liga Madrileña - DH 2015-2016"]
[Site "Madrid ESP"]
[Date "2016.01.10"]
[Round "5.16"]
[White "De la Orden Alcocer, Alejandro"]
[Black "Madina Yadarola, Martin"]
[Result "0-1"]
[WhiteElo "2024"]
[BlackElo "2237"]
[PlyCount "78"]
[EventDate "2015.11.22"]
[EventType "team-tourn"]
[EventRounds "14"]
[EventCountry "ESP"]
[Source "lmi"]
[SourceDate "2015.11.22"]
[WhiteTeam "San Fernando de Henares"]
[BlackTeam "La Casa del Ajedrez"]
[WhiteTeamCountry "ESP"]
[BlackTeamCountry "ESP"]

1. Nf3 d6 2. c4 e5 3. Nc3 f5 4. d3 Nf6 5. g3 Be7 6. Bg2 O-O 7. O-O Qe8 8. Nd5
Bd8 9. Bg5 c6 10. Bxf6 gxf6 11. Nc3 f4 12. gxf4 Kh8 13. Kh1 Qh5 14. Rg1 exf4
15. Qd2 Qh6 16. Ne4 Bc7 17. Qc3 Nd7 18. d4 Nb6 19. Ne1 d5 20. Nd2 dxc4 21. Nef3
Be6 22. a4 Rae8 23. Rae1 Rg8 24. Qb4 Qf8 25. Qa5 a6 26. Nb1 Rg6 27. Na3 Qg7 28.
Nh4 Rg5 29. Qd2 Rg8 30. Qc1 Qh6 31. Nf3 Rh5 32. Bf1 Bd5 33. Rxg8+ Kxg8 34. Bg2
Bd6 35. e4 fxe3 36. Rxe3 Rxh2+ 37. Kg1 Rxg2+ 38. Kxg2 Bf4 39. Re8+ Kf7 0-1

[Event "Liga Madrileña - DH 2015-2016"]
[Site "Madrid ESP"]
[Date "2016.01.10"]
[Round "5.21"]
[White "Taboas Rodriguez, Daniel"]
[Black "Valles Moreno, Ivan"]
[Result "0-1"]
[WhiteElo "2394"]
[BlackElo "2427"]
[PlyCount "112"]
[EventDate "2015.11.22"]
[EventType "team-tourn"]
[EventRounds "14"]
[EventCountry "ESP"]
[Source "lmi"]
[SourceDate "2015.11.22"]
[WhiteTeam "Blanco y Negro"]
[BlackTeam "Liberty Chess"]
[WhiteTeamCountry "ESP"]
[BlackTeamCountry "ESP"]

1. d4 Nf6 2. Nf3 d6 3. c4 g6 4. Nc3 Bg7 5. e4 O-O 6. Be2 Nbd7 7. O-O e5 8. Be3
c6 9. d5 c5 10. Ne1 Kh8 11. Nd3 Ng8 12. Qd2 Qe7 13. Kh1 f5 14. exf5 gxf5 15. f4
e4 16. Nf2 Ndf6 17. Rg1 Nh6 18. h3 Nfg4 19. hxg4 Qh4+ 20. Nh3 fxg4 21. Nxe4
gxh3 22. g3 Qe7 23. Bd3 Ng4 24. Rge1 b5 25. Ng5 Qb7 26. Bg1 bxc4 27. Bxc4 Bf5
28. Re2 Rab8 29. Rae1 Qxb2 30. Qxb2 Rxb2 31. Rxb2 Bxb2 32. Nxh3 Bc3 33. Re2 Rb8
34. Nf2 Rb1 35. Kg2 Bd4 36. Nh3 Rc1 37. Bb5 Bxg1 38. Nxg1 Nf6 39. Re7 Be4+ 40.
Kh2 Bxd5 41. Be2 h5 42. Rxa7 Ng4+ 43. Kh3 Rxg1 44. Kh4 Nf6 45. Ra6 Ne4 46. Bxh5
Nxg3 47. Bg6 Ne4 48. Bxe4 Bxe4 49. Rxd6 Kg7 50. a4 Kf7 51. a5 Ke7 52. Rd2 Ke6
53. a6 Kf5 54. a7 Ra1 55. Rd7 Kxf4 56. Rf7+ Bf5 0-1

[Event "Liga Madrileña - DH 2015-2016"]
[Site "Madrid ESP"]
[Date "2016.01.10"]
[Round "5.22"]
[White "Perez Gonzalez, Jose Manuel"]
[Black "Martinez Reyes, Pedro Ramon"]
[Result "1-0"]
[WhiteElo "2340"]
[BlackElo "2338"]
[PlyCount "85"]
[EventDate "2015.11.22"]
[EventType "team-tourn"]
[EventRounds "14"]
[EventCountry "ESP"]
[Source "lmi"]
[SourceDate "2015.11.22"]
[WhiteTeam "Liberty Chess"]
[BlackTeam "Blanco y Negro"]
[WhiteTeamCountry "ESP"]
[BlackTeamCountry "ESP"]

1. e4 e6 2. d4 d5 3. e5 c5 4. c3 Qb6 5. Nf3 Nc6 6. a3 c4 7. Nbd2 Na5 8. g3 Bd7
9. h4 h6 10. Bh3 Ne7 11. O-O Qc7 12. Re1 Nc8 13. Nf1 Nb6 14. Ne3 Ba4 15. Qe2
O-O-O 16. Ng2 Be7 17. h5 Kb8 18. Nf4 Qc6 19. Be3 Ka8 20. Kh2 Qe8 21. Rg1 Qg8
22. g4 Qh7 23. g5 hxg5 24. Nxg5 Bxg5 25. Rxg5 Bc2 26. Rag1 Rdg8 27. Qf3 Nc6 28.
Qg3 g6 29. hxg6 fxg6 30. Nxe6 Bf5 31. Nf4 Nd8 32. Qf3 Ne6 33. R5g3 g5 34. Nxe6
Bxe6 35. Bxg5 Rxg5 36. Rxg5 Bxh3 37. Rg7 Qh4 38. Qf6 Qh5 39. R7g5 Qh7 40. Qxh8+
Qxh8 41. Rg8+ Qxg8 42. Rxg8+ Bc8 43. e6 1-0

[Event "Liga Madrileña - DH 2015-2016"]
[Site "Madrid ESP"]
[Date "2016.01.10"]
[Round "5.23"]
[White "Alarcia Astiz, Carlos"]
[Black "Gallardo Garcia, Andres"]
[Result "0-1"]
[WhiteElo "2337"]
[BlackElo "2327"]
[PlyCount "84"]
[EventDate "2015.11.22"]
[EventType "team-tourn"]
[EventRounds "14"]
[EventCountry "ESP"]
[Source "lmi"]
[SourceDate "2015.11.22"]
[WhiteTeam "Blanco y Negro"]
[BlackTeam "Liberty Chess"]
[WhiteTeamCountry "ESP"]
[BlackTeamCountry "ESP"]

1. e4 c5 2. Nf3 d6 3. d4 cxd4 4. Nxd4 Nf6 5. Nc3 Nc6 6. f4 e5 7. Nf3 Be7 8. Bd3
O-O 9. O-O exf4 10. Kh1 Nh5 11. Ng1 Nf6 12. Bxf4 Ne5 13. Nf3 Bg4 14. Qd2 Bxf3
15. gxf3 Rc8 16. Qe2 a6 17. Rg1 Ng6 18. Bg3 d5 19. e5 Nh5 20. Bf5 Rc5 21. Rad1
d4 22. f4 Nhxf4 23. Bxf4 Nxf4 24. Qg4 Ng6 25. e6 Qb6 26. Ne4 Re5 27. h4 Bxh4
28. Rd2 Qc6 29. Re2 Rxe6 30. Bxe6 fxe6 31. Kh2 Rf4 32. Qg2 Qc7 33. Kh1 Bd8 34.
Rf1 Qe5 35. Ng3 Qf6 36. Rfe1 Qh4+ 37. Qh2 Qg5 38. Kg2 Nh4+ 39. Kh1 Nf3 40. Qf2
Qh4+ 41. Kg2 Qh2+ 42. Kf1 Qh3+ 0-1

[Event "Liga Madrileña - DH 2015-2016"]
[Site "Madrid ESP"]
[Date "2016.01.10"]
[Round "5.24"]
[White "Sanchez Gonzalez, Sergio"]
[Black "Renteria Becerra, Jorge Elicer"]
[Result "1/2-1/2"]
[WhiteElo "2300"]
[BlackElo "2244"]
[PlyCount "123"]
[EventDate "2015.11.22"]
[EventType "team-tourn"]
[EventRounds "14"]
[EventCountry "ESP"]
[Source "lmi"]
[SourceDate "2015.11.22"]
[WhiteTeam "Liberty Chess"]
[BlackTeam "Blanco y Negro"]
[WhiteTeamCountry "ESP"]
[BlackTeamCountry "ESP"]

1. Nf3 Nf6 2. g3 g6 3. Bg2 Bg7 4. c4 O-O 5. Nc3 d6 6. O-O e5 7. d4 Nbd7 8. dxe5
dxe5 9. h3 c6 10. Bg5 h6 11. Be3 Kh7 12. Qc2 Qc7 13. Rad1 Nb6 14. Bc5 Nxc4 15.
Bxf8 Bxf8 16. Ne4 Nxe4 17. Qxe4 Be6 18. b3 f5 19. Qc2 Nb6 20. e4 f4 21. gxf4
exf4 22. Qd2 Be7 23. Qa5 c5 24. Qc3 Rf8 25. Rc1 Qc8 26. Kh2 Nd7 27. Rg1 b6 28.
Qd2 Qb8 29. Kh1 a5 30. Rge1 Ne5 31. Nxe5 Qxe5 32. Qc3 Qh5 33. Qf3 Qh4 34. Rg1
h5 35. Bf1 g5 36. e5 g4 37. Qc6 Bf5 38. Rd1 Qxf2 39. Bd3 Qe3 40. Bxf5+ Rxf5 41.
Qg2 f3 42. Qc2 Qg5 43. Rd7 f2 44. Rgd1 Kh8 45. Rf1 Qf4 46. Qe2 g3 47. Rxe7 g2+
48. Kxg2 Qg5+ 49. Kh1 Qxe7 50. Rxf2 Qxe5 51. Qxe5+ Rxe5 52. Rf6 b5 53. Kg1 Kg7
54. Rb6 b4 55. Rb5 Kg6 56. Rxa5 Kf5 57. a3 Kf4 58. Kf2 bxa3 59. Rxa3 Ke4 60.
Ra4+ Kd5 61. Ra8 Kd4 62. Rb8 1/2-1/2

[Event "Liga Madrileña - DH 2015-2016"]
[Site "Madrid ESP"]
[Date "2016.01.10"]
[Round "5.25"]
[White "Shen, Yue"]
[Black "Fernandez Garcia, Miguel Angel"]
[Result "1/2-1/2"]
[WhiteElo "2180"]
[BlackElo "2334"]
[PlyCount "171"]
[EventDate "2015.11.22"]
[EventType "team-tourn"]
[EventRounds "14"]
[EventCountry "ESP"]
[Source "lmi"]
[SourceDate "2015.11.22"]
[WhiteTeam "Blanco y Negro"]
[BlackTeam "Liberty Chess"]
[WhiteTeamCountry "ESP"]
[BlackTeamCountry "ESP"]

1. d4 d5 2. c4 e6 3. Nf3 c6 4. Qc2 dxc4 5. Qxc4 b5 6. Qd3 Bb7 7. g3 a6 8. a4
Nd7 9. Bg2 Ngf6 10. O-O Be7 11. Be3 Nd5 12. Nc3 N7b6 13. Nxd5 Nxd5 14. Rfc1 O-O
15. Nd2 bxa4 16. Rxa4 a5 17. Ne4 Ba6 18. Qc2 Bb5 19. Raa1 Nxe3 20. fxe3 Bb4 21.
Nc3 Rb8 22. Bf3 Qg5 23. Qe4 Rfe8 24. Qf4 Qe7 25. Nxb5 cxb5 26. Rc7 Qf8 27. Ra7
a4 28. Be4 Re7 29. Rxe7 Bxe7 30. Bd3 a3 31. bxa3 Bd6 32. Qe4 g6 33. a4 bxa4 34.
Rxa4 Qe7 35. Ra6 Rd8 36. Kg2 h5 37. Rb6 Kg7 38. Qc6 h4 39. Rb7 Qg5 40. Qf3 Rf8
41. g4 Qd8 42. Bc4 Qf6 43. h3 Bb8 44. Qe4 Bg3 45. Qf3 Rb8 46. Ra7 Qxf3+ 47.
Kxf3 Re8 48. g5 Kf8 49. e4 Rc8 50. Ra4 Rc7 51. d5 exd5 52. exd5 Bd6 53. Bb5
Rc3+ 54. Bd3 Rc1 55. Rxh4 Rg1 56. Rg4 Rh1 57. h4 Rh3+ 58. Kf2 Be5 59. Re4 Bd6
60. Kg2 Rh2+ 61. Kg1 Rh3 62. Kg2 Rh2+ 63. Kf1 Bg3 64. Rg4 Bd6 65. Be4 Rh3 66.
Bf3 Rg3 67. Rc4 Ke7 68. Kf2 Rh3 69. Re4+ Kf8 70. Ra4 Rh2+ 71. Kg1 Bg3 72. Rg4
Bd6 73. Bg2 Kg7 74. Kf2 f6 75. gxf6+ Kxf6 76. Re4 Kf5 77. Re6 Bb8 78. e4+ Kf4
79. Rf6+ Ke5 80. Rf8 Bd6 81. Re8+ Kf4 82. Rc8 Rxh4 83. Rc6 Ke5 84. Rc8 Rf4+ 85.
Ke3 Rf8 86. Rxf8 1/2-1/2

[Event "Liga Madrileña - DH 2015-2016"]
[Site "Madrid ESP"]
[Date "2016.01.10"]
[Round "5.26"]
[White "Pablos Tenrero, Raquel"]
[Black "Herranz Sanchez, Pablo"]
[Result "0-1"]
[WhiteElo "2077"]
[BlackElo "1948"]
[PlyCount "108"]
[EventDate "2015.11.22"]
[EventType "team-tourn"]
[EventRounds "14"]
[EventCountry "ESP"]
[Source "lmi"]
[SourceDate "2015.11.22"]
[WhiteTeam "Liberty Chess"]
[BlackTeam "Blanco y Negro"]
[WhiteTeamCountry "ESP"]
[BlackTeamCountry "ESP"]

1. e4 c5 2. Nf3 e6 3. d4 cxd4 4. Nxd4 a6 5. Nc3 Qc7 6. g3 b5 7. a3 Bb7 8. Bg2
Nf6 9. O-O Nc6 10. Bf4 e5 11. Nd5 Qd8 12. Nxc6 dxc6 13. Nxf6+ Qxf6 14. Be3 Bd6
15. h4 h6 16. Qd2 Rd8 17. Qc3 O-O 18. Bb6 Rc8 19. Bh3 Rb8 20. Ba7 Rbd8 21. Bg2
Qe7 22. Rad1 c5 23. Rxd6 Qxd6 24. Bxc5 Qc7 25. Bxf8 Qxc3 26. bxc3 Kxf8 27. Rb1
Rc8 28. Rb3 Rc4 29. f3 Bc8 30. Bf1 Rc6 31. c4 bxc4 32. Rb4 c3 33. Kf2 Ke7 34.
Ke3 f6 35. Bc4 a5 36. Ra4 Rc5 37. Bd5 Ba6 38. Bb3 Kd6 39. f4 Kc6 40. Kf3 Kb6
41. fxe5 fxe5 42. Kg4 g6 43. h5 Be2+ 44. Kh4 g5+ 45. Kh3 Bb5 46. Kg4 Bxa4 47.
Bxa4 Rc4 48. Bb3 Rxe4+ 49. Kf5 Re3 50. g4 Kc5 51. Kg6 Rh3 52. Be6 e4 53. Bf5 e3
54. Bd3 Rh2 0-1

[Event "Liga Madrileña - DH 2015-2016"]
[Site "Madrid ESP"]
[Date "2016.01.10"]
[Round "5.31"]
[White "Montanes Arribas, Adrian"]
[Black "Vazquez Igarza, Renier"]
[Result "0-1"]
[WhiteElo "2173"]
[BlackElo "2565"]
[PlyCount "84"]
[EventDate "2015.11.22"]
[EventType "team-tourn"]
[EventRounds "14"]
[EventCountry "ESP"]
[Source "lmi"]
[SourceDate "2015.11.22"]
[WhiteTeam "Vallecas CDV"]
[BlackTeam "Collado Villalba"]
[WhiteTeamCountry "ESP"]
[BlackTeamCountry "ESP"]

1. d4 Nf6 2. c4 e6 3. g3 c5 4. d5 exd5 5. cxd5 d6 6. Nc3 g6 7. Bg2 Bg7 8. Nf3
O-O 9. O-O Nbd7 10. a4 Ng4 11. h3 Nge5 12. Nd2 f5 13. f4 Nf7 14. e4 Nf6 15.
exf5 Bxf5 16. Nc4 h5 17. Be3 Re8 18. Bf2 Qd7 19. Kh2 Re7 20. Qd2 Rae8 21. Rae1
Bh6 22. Rxe7 Rxe7 23. Re1 Rxe1 24. Qxe1 h4 25. Qe3 Nh5 26. Ne4 hxg3+ 27. Bxg3
Qe7 28. Bf3 Nxg3 29. Kxg3 Kf8 30. h4 Bg7 31. b3 Bd4 32. Qe2 b6 33. Ned2 Qd8 34.
Ne4 Qe7 35. Ned2 Qd8 36. Ne4 a6 37. h5 b5 38. axb5 axb5 39. Ncd2 g5 40. Bg4
gxf4+ 41. Kh3 Ng5+ 42. Nxg5 Qxg5 0-1

[Event "Liga Madrileña - DH 2015-2016"]
[Site "Madrid ESP"]
[Date "2016.01.10"]
[Round "5.32"]
[White "Moreno Ruiz, Javier"]
[Black "Martin Garcia, Guillermo Li"]
[Result "1/2-1/2"]
[WhiteElo "2435"]
[BlackElo "2165"]
[PlyCount "109"]
[EventDate "2015.11.22"]
[EventType "team-tourn"]
[EventRounds "14"]
[EventCountry "ESP"]
[Source "lmi"]
[SourceDate "2015.11.22"]
[WhiteTeam "Collado Villalba"]
[BlackTeam "Vallecas CDV"]
[WhiteTeamCountry "ESP"]
[BlackTeamCountry "ESP"]

1. d4 Nf6 2. c4 g6 3. Nc3 Bg7 4. e4 d6 5. Be2 O-O 6. Nf3 e5 7. d5 a5 8. Bg5 h6
9. Bh4 Na6 10. Nd2 Qe8 11. O-O Bd7 12. b3 Nh7 13. a3 h5 14. f3 Bh6 15. Rb1 Be3+
16. Kh1 Bc5 17. Qc1 Kh8 18. Na2 f5 19. b4 axb4 20. axb4 Be3 21. exf5 gxf5 22.
Rb3 f4 23. Bf2 Bxf2 24. Rxf2 Bf5 25. Nc3 Qg6 26. Nce4 h4 27. Qc3 Nb8 28. Ra3
Nd7 29. Qa1 Rab8 30. c5 Ng5 31. Nxg5 Qxg5 32. Nc4 Qg6 33. Bf1 Rg8 34. Ra7 h3
35. Qc3 Rgc8 36. Na5 Nf6 37. Rxb7 Nxd5 38. Qd2 Ne3 39. g3 Rg8 40. Rxb8 Rxb8 41.
Nc6 Re8 42. cxd6 cxd6 43. b5 d5 44. Nxe5 Rxe5 45. Qd4 Qg7 46. Qxf4 Nxf1 47.
Rxf1 Bd7 48. b6 Re2 49. g4 Rb2 50. Qc7 Be6 51. Qd8+ Bg8 52. Qh4+ Bh7 53. Qd8+
Bg8 54. Qh4+ Bh7 55. Qd8+ 1/2-1/2

[Event "Liga Madrileña - DH 2015-2016"]
[Site "Madrid ESP"]
[Date "2016.01.10"]
[Round "5.33"]
[White "Ambrona Castellanos, Miguel"]
[Black "Reyes Larena, Juan"]
[Result "0-1"]
[WhiteElo "2055"]
[BlackElo "2447"]
[PlyCount "60"]
[EventDate "2015.11.22"]
[EventType "team-tourn"]
[EventRounds "14"]
[EventCountry "ESP"]
[Source "lmi"]
[SourceDate "2015.11.22"]
[WhiteTeam "Vallecas CDV"]
[BlackTeam "Collado Villalba"]
[WhiteTeamCountry "ESP"]
[BlackTeamCountry "ESP"]

1. e4 e5 2. Nf3 Nc6 3. Bc4 Bc5 4. c3 Nf6 5. d3 a6 6. Bb3 Ba7 7. O-O d6 8. Nbd2
O-O 9. Re1 Ng4 10. Re2 Kh8 11. Nf1 f5 12. exf5 Bxf5 13. Be3 Nxe3 14. Nxe3 Bd7
15. Nd2 Ne7 16. Ndf1 Ng6 17. Rc2 Qg5 18. Bd5 c6 19. Be4 Nf4 20. Kh1 d5 21. Bf3
Rae8 22. d4 exd4 23. cxd4 Re7 24. Ng3 g6 25. Qd2 h5 26. Rf1 Qf6 27. Qb4 Bc8 28.
Rd2 Bb8 29. Ne2 Nxe2 30. Rxe2 Qf4 0-1

[Event "Liga Madrileña - DH 2015-2016"]
[Site "Madrid ESP"]
[Date "2016.01.10"]
[Round "5.34"]
[White "Martin Duque, Jesus"]
[Black "Morona Minguez, Irene"]
[Result "1-0"]
[WhiteElo "2347"]
[BlackElo "2000"]
[PlyCount "37"]
[EventDate "2015.11.22"]
[EventType "team-tourn"]
[EventRounds "14"]
[EventCountry "ESP"]
[Source "lmi"]
[SourceDate "2015.11.22"]
[WhiteTeam "Collado Villalba"]
[BlackTeam "Vallecas CDV"]
[WhiteTeamCountry "ESP"]
[BlackTeamCountry "ESP"]

1. e4 c5 2. Nf3 e6 3. c3 d5 4. e5 Nc6 5. d4 Qc7 6. a3 Nge7 7. b4 cxd4 8. cxd4
Nf5 9. Bb2 Be7 10. Nc3 O-O 11. Rc1 a6 12. h4 f6 13. g4 fxe5 14. gxf5 exd4 15.
Nxd4 Qe5+ 16. Nce2 Qe4 17. Nxc6 Bxb4+ 18. Nxb4 Qxh1 19. Rc7 1-0

[Event "Liga Madrileña - DH 2015-2016"]
[Site "Madrid ESP"]
[Date "2016.01.10"]
[Round "5.35"]
[White "Rios Rebollo, Victor"]
[Black "Ortega Ruiz, Jose Miguel"]
[Result "0-1"]
[WhiteElo "1980"]
[BlackElo "2288"]
[PlyCount "98"]
[EventDate "2015.11.22"]
[EventType "team-tourn"]
[EventRounds "14"]
[EventCountry "ESP"]
[Source "lmi"]
[SourceDate "2015.11.22"]
[WhiteTeam "Vallecas CDV"]
[BlackTeam "Collado Villalba"]
[WhiteTeamCountry "ESP"]
[BlackTeamCountry "ESP"]

1. d4 Nf6 2. c4 e6 3. Nf3 c5 4. Nc3 cxd4 5. Nxd4 Bb4 6. Qb3 Na6 7. a3 Bc5 8. e3
b6 9. Be2 Bb7 10. O-O O-O 11. Rd1 Qe7 12. Bd2 Rfd8 13. Bf3 Bxd4 14. exd4 Bxf3
15. gxf3 d5 16. Rac1 dxc4 17. Qxc4 Nc7 18. Ne4 Nfd5 19. Bg5 f6 20. Be3 h6 21.
f4 Ne8 22. Qe2 Nd6 23. Ng3 f5 24. Rc6 a5 25. Rdc1 Ra7 26. Bd2 Rad7 27. Re1 Re8
28. Qe5 g6 29. Kh1 Kf7 30. Rg1 Nf6 31. b4 Ng4 32. Qe2 Qh4 33. Rg2 Qd8 34. h3
Nf6 35. Qe5 b5 36. Be3 axb4 37. axb4 Nd5 38. Nh5 Rg8 39. Ng3 Nc4 40. Rxc4 bxc4
41. Rg1 Qb8 42. Ra1 Qxe5 43. dxe5 Nxb4 44. Ra4 Rb8 45. Bc5 Nd3 46. Bd6 Rc8 47.
Ne2 Nxf2+ 48. Kg2 Ne4 49. Bb4 c3 0-1

[Event "Liga Madrileña - DH 2015-2016"]
[Site "Madrid ESP"]
[Date "2016.01.10"]
[Round "5.36"]
[White "Cao Armillas, Jesus"]
[Black "Menendez Hernandez, Jose Daniel"]
[Result "1-0"]
[WhiteElo "2087"]
[BlackElo "1924"]
[PlyCount "49"]
[EventDate "2015.11.22"]
[EventType "team-tourn"]
[EventRounds "14"]
[EventCountry "ESP"]
[Source "lmi"]
[SourceDate "2015.11.22"]
[WhiteTeam "Collado Villalba"]
[BlackTeam "Vallecas CDV"]
[WhiteTeamCountry "ESP"]
[BlackTeamCountry "ESP"]

1. d4 Nf6 2. c4 g6 3. Nc3 Bg7 4. g3 O-O 5. Bg2 d6 6. Nf3 c5 7. d5 Nbd7 8. O-O
Ng4 9. Qc2 Rb8 10. h3 Nge5 11. Nd2 f5 12. f4 Nf7 13. b3 a6 14. Bb2 b5 15. Rae1
bxc4 16. Nxc4 Nb6 17. Na5 Bd7 18. Kh2 Qc7 19. e4 c4 20. b4 e6 21. exf5 exf5 22.
Nc6 Bxc6 23. dxc6 Bxc3 24. Qxc3 Ne5 25. fxe5 1-0

[Event "Liga Madrileña - DH 2015-2016"]
[Site "Madrid ESP"]
[Date "2016.01.09"]
[Round "5.41"]
[White "Moreno Trujillo, Alejandro"]
[Black "Rubio Mejia, Luis Ignacio"]
[Result "0-1"]
[WhiteElo "2504"]
[BlackElo "2457"]
[PlyCount "108"]
[EventDate "2015.11.22"]
[EventType "team-tourn"]
[EventRounds "14"]
[EventCountry "ESP"]
[Source "lmi"]
[SourceDate "2015.11.22"]
[WhiteTeam "64 Villalba"]
[BlackTeam "Virgen de Atocha"]
[WhiteTeamCountry "ESP"]
[BlackTeamCountry "ESP"]

1. Nf3 Nf6 2. c4 b6 3. Nc3 Bb7 4. Qc2 Bxf3 5. gxf3 c5 6. f4 Nc6 7. Bg2 Rc8 8.
Qa4 g6 9. d3 a5 10. Bd2 Bg7 11. a3 O-O 12. O-O Re8 13. Rae1 e6 14. e3 d5 15.
Rd1 Ne7 16. e4 Nh5 17. cxd5 exd5 18. Rfe1 d4 19. Ne2 Bh6 20. Bf3 Ng7 21. Qb5
Qc7 22. Kh1 Ra8 23. a4 Nc6 24. Rg1 Kf8 25. Rg3 Ne7 26. Rh3 Ng8 27. f5 Bxd2 28.
fxg6 hxg6 29. Rxd2 Rab8 30. Rd1 Nf6 31. Qc4 Ne6 32. Rg1 Ke7 33. Bg4 Nf4 34.
Nxf4 Qxf4 35. Rf3 Qe5 36. h3 Kf8 37. Rg2 Re7 38. Qc1 Kg7 39. Bf5 Rh8 40. Rfg3
Kf8 41. f4 Qc7 42. Bxg6 fxg6 43. e5 Nd5 44. f5 Qxe5 45. fxg6 Qe1+ 46. Qxe1
Rxe1+ 47. Kh2 Kg7 48. Rf3 Nf6 49. Kg3 Rhe8 50. h4 Kxg6 51. h5+ Nxh5+ 52. Kh2+
Kh6 53. Rff2 R1e6 54. Kh3 Rg6 0-1

[Event "Liga Madrileña - DH 2015-2016"]
[Site "Madrid ESP"]
[Date "2016.01.09"]
[Round "5.42"]
[White "Almagro Llamas, Pablo"]
[Black "Rodriguez Cespedes, Amador"]
[Result "0-1"]
[WhiteElo "2429"]
[BlackElo "2424"]
[PlyCount "116"]
[EventDate "2015.11.22"]
[EventType "team-tourn"]
[EventRounds "14"]
[EventCountry "ESP"]
[Source "lmi"]
[SourceDate "2015.11.22"]
[WhiteTeam "Virgen de Atocha"]
[BlackTeam "64 Villalba"]
[WhiteTeamCountry "ESP"]
[BlackTeamCountry "ESP"]

1. d4 Nf6 2. Nf3 e6 3. e3 c5 4. c4 d5 5. cxd5 exd5 6. Bb5+ Bd7 7. Bxd7+ Nbxd7
8. dxc5 Nxc5 9. O-O Be7 10. Nc3 O-O 11. b3 Nce4 12. Ne2 Qa5 13. a3 Nc3 14. Nxc3
Qxc3 15. Rb1 Rfd8 16. Bb2 Qa5 17. Qd3 Ne4 18. Rbc1 Bf6 19. Bxf6 Nxf6 20. b4 Qb6
21. Nd4 Rac8 22. Nb3 Qd6 23. h3 b6 24. Rfd1 Qd7 25. Rxc8 Rxc8 26. e4 Rd8 27. e5
Ne4 28. f3 Ng5 29. Nd4 Ne6 30. Nf5 Nf4 31. Qc2 g6 32. Nd6 Qe6 33. Qc7 Rf8 34.
Nb5 Rc8 35. Qd6 Qf5 36. Rd2 Qg5 37. Kh2 Nxh3 38. e6 Nf4 39. exf7+ Kg7 40. Nc7
Qh4+ 41. Kg1 Qe1+ 42. Kh2 Qxd2 43. Ne8+ Rxe8 44. fxe8=N+ Kf7 45. Qd7+ Kf8 46.
Kg3 Nh5+ 47. Kh2 Qf4+ 48. Kh1 Ng3+ 49. Kg1 Qe3+ 50. Kh2 Nf1+ 51. Kh1 Qxe8 52.
Qxh7 Ng3+ 53. Kh2 Nf5 54. Qxa7 Qe5+ 55. Kg1 Qe1+ 56. Kh2 Qg3+ 57. Kg1 Nh4 58.
Qb8+ Qxb8 0-1

[Event "Liga Madrileña - DH 2015-2016"]
[Site "Madrid ESP"]
[Date "2016.01.09"]
[Round "5.43"]
[White "Fernandez de Bobadilla, Gabriel"]
[Black "Espinosa Aranda, Angel"]
[Result "0-1"]
[WhiteElo "2260"]
[BlackElo "2401"]
[PlyCount "68"]
[EventDate "2015.11.22"]
[EventType "team-tourn"]
[EventRounds "14"]
[EventCountry "ESP"]
[Source "lmi"]
[SourceDate "2015.11.22"]
[WhiteTeam "64 Villalba"]
[BlackTeam "Virgen de Atocha"]
[WhiteTeamCountry "ESP"]
[BlackTeamCountry "ESP"]

1. d4 Nf6 2. c4 e6 3. Nc3 Bb4 4. e3 O-O 5. Bd3 d5 6. Nf3 b6 7. cxd5 exd5 8. Ne5
Bb7 9. O-O Nbd7 10. f4 a6 11. Bd2 Be7 12. Qc2 c5 13. Rae1 h6 14. a4 Rc8 15. Qb1
cxd4 16. exd4 Nxe5 17. fxe5 Ne4 18. Re2 f5 19. Bxe4 dxe4 20. Qa2+ Kh7 21. d5
Rxc3 22. bxc3 Qxd5 23. Qxd5 Bxd5 24. Rb1 f4 25. c4 Bxc4 26. Rxe4 Bd3 27. Rbb4
Bc5+ 28. Kh1 Bxe4 29. Rxe4 Rd8 30. Re2 Kg6 31. h4 Kf5 32. Bc3 Rd1+ 33. Kh2 Bg1+
34. Kh1 Bf2+ 0-1

[Event "Liga Madrileña - DH 2015-2016"]
[Site "Madrid ESP"]
[Date "2016.01.09"]
[Round "5.44"]
[White "Plazuelo Pascual, Juan"]
[Black "Longa Yauca, Javier"]
[Result "0-1"]
[WhiteElo "2351"]
[BlackElo "2232"]
[PlyCount "74"]
[EventDate "2015.11.22"]
[EventType "team-tourn"]
[EventRounds "14"]
[EventCountry "ESP"]
[Source "lmi"]
[SourceDate "2015.11.22"]
[WhiteTeam "Virgen de Atocha"]
[BlackTeam "64 Villalba"]
[WhiteTeamCountry "ESP"]
[BlackTeamCountry "ESP"]

1. d4 Nf6 2. c4 e6 3. Nf3 c5 4. d5 exd5 5. cxd5 d6 6. Nc3 g6 7. Bf4 Bg7 8. Qa4+
Bd7 9. Qb3 Bc8 10. Nd2 Nh5 11. Qa4+ Kf8 12. Bg3 Nxg3 13. hxg3 a6 14. e4 Nd7 15.
Be2 b5 16. Qc2 Rb8 17. Rc1 c4 18. b4 Qb6 19. Nf3 Ne5 20. Nxe5 Bxe5 21. Qd2 h5
22. Qg5 Kg7 23. Nd1 a5 24. a3 axb4 25. axb4 Qa7 26. Qd2 Bd7 27. Ne3 Rbe8 28.
Bf3 Qa3 29. Nc2 Qa7 30. Qe3 Qxe3+ 31. Nxe3 Ra8 32. Bd1 Ra3 33. Ke2 Rha8 34. Bc2
Bc3 35. Rb1 Ra2 36. Rhc1 R8a4 37. Kf3 Bg4+ 0-1